000 00316nam a2200133Ia 4500
005 20251222141759.0
008 251222s9999||||xx |||||||||||||| ||spa||
020 _a1-56496-387-X
082 _a741.6/A46
100 _aAltemus, Robert
245 0 _a32 ND Publication Design Annual
264 _bRockport
942 _cLIB
999 _c6102
_d6102